Concepts in integrated pest management / (Record no. 36946)
[ view plain ]
| 000 -LEADER | |
|---|---|
| fixed length control field | 02088nam a2200301 a 4500 |
| 001 - CONTROL NUMBER | |
| control field | 36946 |
| 003 - CONTROL NUMBER IDENTIFIER | |
| rucl marc code | BD-RjUL |
| 005 - DATE AND TIME OF LATEST TRANSACTION | |
| control field | 20211209052548.0 |
| 008 - FIXED-LENGTH DATA ELEMENTS--GENERAL INFORMATION | |
| fixed length control field | 140924s2003 njua b 001 0 eng |
| 020 ## - INTERNATIONAL STANDARD BOOK NUMBER | |
| International Standard Book Number | 0130870161 |
| 035 ## - SYSTEM CONTROL NUMBER | |
| System control number | (BD-RjUL) 37048 |
| 040 ## - CATALOGING SOURCE | |
| Original cataloging agency | DLC |
| Transcribing agency | DLC |
| Modifying agency | DLC |
| -- | BD-RjUL |
| Language of cataloging | eng |
| 041 ## - LANGUAGE CODE | |
| Language code of text/sound track or separate title | eng |
| 082 00 - DEWEY DECIMAL CLASSIFICATION NUMBER | |
| Classification number | 632.9 |
| Edition number | 21 |
| Author mark and year | NOC 2003 |
| 100 1# - MAIN ENTRY--PERSONAL NAME | |
| Personal name | Norris, Robert F. |
| 9 (RLIN) | 112867 |
| 245 10 - TITLE STATEMENT | |
| Title | Concepts in integrated pest management / |
| Statement of responsibility, etc. | Robert F. Norris, Edward P. Caswell-Chen, Marcos Kogan. |
| 260 ## - PUBLICATION, DISTRIBUTION, ETC. (IMPRINT) | |
| Place of publication, distribution, etc. | Upper Saddle River, N.J. : |
| Name of publisher, distributor, etc. | Prentice Hall, |
| Date of publication, distribution, etc. | c2003. |
| 300 ## - PHYSICAL DESCRIPTION | |
| Pagination | xxi, 586 p. : |
| Illustrations | ill. (some col.), ; |
| Size | 26 cm. |
| 504 ## - BIBLIOGRAPHY, ETC. NOTE | |
| Bibliography, etc | Includes bibliographical references (p. 523-532). |
| 505 8# - FORMATTED CONTENTS NOTE | |
| Formatted contents note | Machine generated contents note: CHAPTER 1 Pests, People, and Integrated Pest Management -- CHAPTER 2 Pests and Their Impacts -- CHAPTER 3 Historical Development of Pest Management -- CHAPTER 4 Ecosystems and Pest Organisms -- CHAPTER 5 Comparative Biology of Pests -- CHAPTER 6 Ecology of Interactions Between Categories of Pests -- CHAPTER 7 Ecosystem Biodiversity and IPM -- CHAPTER 8 Pest Management Decisions -- CHAPTER 9 Introduction to Strategies and Tactics for IPM -- CHAPTER 10 Pest Invasions and Legislative Prevention -- CHAPTER 11 Pesticides -- CHAPTER 12 Resistance, Resurgence, and Replacement -- CHAPTER 13 Biological Control -- CHAPTER 14 Behavioral Control -- CHAPTER 15 Physical and Mechanical Tactics -- CHAPTER 16 Cultural Management of Pests -- CHAPTER 17 Host-Plant Resistance and Other Genetic Manipulations of Crops and Pests -- CHAPTER 18 IPM Programs: Development and Implementation -- CHAPTER 19 Societal and Environmental Limitations to IPM Tactics -- CHAPTER 20 IPM in the Future -- Sources and References -- Pest Organisms -- Glossary -- Index. |
| 650 #0 - SUBJECT ADDED ENTRY--TOPICAL TERM | |
| Topical term or geographic name as entry element | Pests |
| General subdivision | Integrated control. |
| 9 (RLIN) | 37961 |
| 700 1# - ADDED ENTRY--PERSONAL NAME | |
| Personal name | Caswell-Chen, Edward P. |
| Personal name | Kogan, M. |
| Fuller form of name | (Marcos) |
| 856 41 - ELECTRONIC LOCATION AND ACCESS | |
| Materials specified | Table of contents |
| Uniform Resource Identifier | <a href="http://www.loc.gov/catdir/toc/fy033/2002070022.html">http://www.loc.gov/catdir/toc/fy033/2002070022.html</a> |
| 942 ## - ADDED ENTRY ELEMENTS (KOHA) | |
| Source of classification or shelving scheme | Dewey Decimal Classification |
| Koha item type | Books |
| Lost status | Source of classification or shelving scheme | Damaged status | Not for loan | Collection code | Permanent Location | Current Location | Shelving location | Date acquired | Source of acquisition | Total Checkouts | Full call number | Date last seen | Copy number | Koha item type |
|---|---|---|---|---|---|---|---|---|---|---|---|---|---|---|
| Dewey Decimal Classification | Not For Loan | Non-fiction | Institute of Biological Sciences (IBSc) Library | Institute of Biological Sciences (IBSc) Library | 24/09/2014 | Karim International | 632.9 NOC 2003 | 24/09/2014 | C-1 | Books |